Lawmanns white collar crimes India and abroad (Record no. 241338)
[ view plain ]
| 000 -LEADER | |
|---|---|
| fixed length control field | 02213nam a22002417a 4500 |
| 005 - DATE AND TIME OF LATEST TRANSACTION | |
| control field | 20260423150925.0 |
| 008 - FIXED-LENGTH DATA ELEMENTS--GENERAL INFORMATION | |
| fixed length control field | 260423b |||||||| |||| 00| 0 eng d |
| 020 ## - INTERNATIONAL STANDARD BOOK NUMBER | |
| International Standard Book Number | 9789392295171 |
| 040 ## - CATALOGING SOURCE | |
| Transcribing agency | AL |
| 041 ## - LANGUAGE CODE | |
| Language code of text/sound track or separate title | eng |
| 082 ## - DEWEY DECIMAL CLASSIFICATION NUMBER | |
| Classification number | 364.16 |
| Item number | KOOL |
| 100 ## - MAIN ENTRY--PERSONAL NAME | |
| Personal name | Manju Koolwal |
| 100 ## - MAIN ENTRY--PERSONAL NAME | |
| 9 (RLIN) | 262503 |
| 245 ## - TITLE STATEMENT | |
| Title | Lawmanns white collar crimes India and abroad |
| 260 ## - PUBLICATION, DISTRIBUTION, ETC. | |
| Place of publication, distribution, etc. | New Delhi |
| Name of publisher, distributor, etc. | Kamal Publishers |
| Date of publication, distribution, etc. | 2025 |
| 300 ## - PHYSICAL DESCRIPTION | |
| Extent | xxviii,648p |
| Other physical details | PB |
| Dimensions | 24x15.5cm |
| 365 ## - TRADE PRICE | |
| Source of price type code | Law |
| Price type code | 1343 |
| Price amount | ₹487.50 |
| Currency code | ₹ |
| Unit of pricing | ₹650.00 |
| Price note | 25% |
| Price effective from | 14-03-2026 |
| 520 ## - SUMMARY, ETC. | |
| Summary, etc. | Lawmann’s White Collar Crimes, Indian and Abroad – 2nd Edition 2025 by Dr. Manju Koolwal is a scholarly yet practical guide to understanding and tackling the complex world of financial and corporate crime. With the rising impact of globalization and digitalization, white-collar crimes have grown in sophistication and frequency, calling for in-depth legal analysis and international cooperation. This updated edition explores white-collar criminal behavior through the lens of Indian statutory frameworks like the IPC, PMLA, Companies Act, SEBI regulations, and the IT Act. Simultaneously, it offers global insights by comparing frameworks from the US, UK, EU, and other jurisdictions that are leading the way in investigating and prosecuting corporate and economic crimes. Rich in case studies and precedents, the book examines key sectors where white-collar crimes thrive—banking fraud, environmental offenses, insider trading, and money laundering—and explains how laws have evolved to prevent and punish such offenses. Law enforcement procedures, regulatory responses, and judicial interpretations are covered extensively. This book is essential for law students, researchers in criminology, practicing lawyers, policy analysts, and corporate governance professionals who want to stay informed on one of the fastest-evolving areas of law. It bridges academic theory with real-world application and presents a roadmap to understanding how societies globally are addressing white-collar criminality. |
| 650 ## - SUBJECT ADDED ENTRY--TOPICAL TERM | |
| Topical term or geographic name entry element | Cyber Crimes and Computer Crimes |
| 9 (RLIN) | 262504 |
| 650 ## - SUBJECT ADDED ENTRY--TOPICAL TERM | |
| Topical term or geographic name entry element | Cyberstalking |
| 9 (RLIN) | 262505 |
| 650 ## - SUBJECT ADDED ENTRY--TOPICAL TERM | |
| Topical term or geographic name entry element | Hackers |
| 9 (RLIN) | 262506 |
| 650 ## - SUBJECT ADDED ENTRY--TOPICAL TERM | |
| Topical term or geographic name entry element | ATM Frauds |
| 9 (RLIN) | 262507 |
| 942 ## - ADDED ENTRY ELEMENTS (KOHA) | |
| Source of classification or shelving scheme | Dewey Decimal Classification |
| Koha item type | Book |
| Withdrawn status | Lost status | Source of classification or shelving scheme | Damaged status | Not for loan | Collection code | Home library | Current library | Date acquired | Source of acquisition | Cost, normal purchase price | Total Checkouts | Full call number | Barcode | Date last seen | Cost, replacement price | Price effective from | Koha item type |
|---|---|---|---|---|---|---|---|---|---|---|---|---|---|---|---|---|---|
| Dewey Decimal Classification | Law | St Aloysius Law Library | St Aloysius Law Library | 04/16/2026 | MPP House Bengaluru-560009 | 487.50 | 364.16 KOOL | LL002565 | 04/23/2026 | 650.00 | 03/14/2026 | Book | |||||
| Dewey Decimal Classification | Law | St Aloysius Law Library | St Aloysius Law Library | 04/16/2026 | MPP House Bengaluru-560009 | 487.50 | 364.16 KOOL | LL002566 | 04/23/2026 | 650.00 | 03/14/2026 | Book | |||||
| Dewey Decimal Classification | Law | St Aloysius Law Library | St Aloysius Law Library | 04/16/2026 | MPP House Bengaluru-560009 | 487.50 | 364.16 KOOL | LL002567 | 04/23/2026 | 650.00 | 03/14/2026 | Book |